| 000 | 00750ata a2200277 4500 | ||
|---|---|---|---|
| 005 | 20260414175315.0 | ||
| 008 | 150521b2003 xxu||||| |||| 00| 0 spa d | ||
| 020 | _a9508021683 | ||
| 041 | _aESP | ||
| 082 | _a365 A174r | ||
| 100 |
_aAcevedo, José Antonio _930743 |
||
| 245 | _aReflexiones acerca del trabajo social en las cárceles | ||
| 260 | _aArgentina | ||
| 260 | _bEspacio | ||
| 260 | _c2003 | ||
| 300 | _a83 páginas | ||
| 490 | _aInvestigación Criminal | ||
| 650 | _aCÁRCELES | ||
| 650 | _aTRABAJO SOCIAL | ||
| 650 | _aCAMPOS PROFESIONALES DEL TRABAJO SOCIAL | ||
| 650 | _aDINÁMICA SOCIAL CONFLICTIVA | ||
| 650 | _aINTERVENCION SOCIAL | ||
| 650 | _aLIBERTAD | ||
| 650 | _aSERVICIOS DE ORIENTACIÓN | ||
| 942 |
_cBK _2ddc |
||
| 999 |
_c5871 _d5871 |
||